| 000 | 00561 a2200133 4500 | ||
|---|---|---|---|
| 082 | _aMIT-1 | ||
| 100 |
_aUzair Ahmad _9103660 |
||
| 245 |
_aAn Integrated Approach for Extraction of Objects from XML-ized Database and Transformation to Heterogeneous Object Oriented Databases _cUzair Ahmad |
||
| 260 |
_aIslamabad, _bNUST School of Electrical Engineering & Computer Science, _c2002. |
||
| 300 |
_axi, 64 p. : _bill. ; _c27 cm. |
||
| 500 | _aSupervisor : Dr. Arshad Ali. | ||
| 856 | _uhttp://10.250.8.41:8080/xmlui/handle/123456789/31463 | ||
| 942 |
_cPR _kMIT-1 UZA _2ddc |
||
| 999 |
_c9192 _d9192 |
||